000 00602nam a2200229Ia 4500
003 OSt
005 20220924145636.0
006 a|||||r|||| 00| 0
007 ta
008 220923b |||||||| |||| 00| 0 tel d
024 _a329645
037 _cTextual
040 _aARTS
_cARTS
_btel
041 _2tel
_atel
082 _aO142,3M28w, 35K5
100 _aRao M. Rama Mohao Au.
_9220224
245 0 _aLife of tolstoy
260 _c1965
650 _aRUSSIAN LITERATURE
_915056
942 _hO142,3M28w, 35K5
_cTEXL
_2CC
999 _c460719
_d460719